[Event "Canadian op U1400"]
[Site "Sault Ste Marie"]
[Date "2017.07.13"]
[Round "5"]
[White "Yuan, Henry"]
[Black "Chen, Andrew2222"]
[Result "1-0"]
[WhiteElo "961"]
[BlackElo "1009"]
[PlyCount "133"]
[EventDate "2017.07.11"]
[EventType "swiss"]
[EventRounds "9"]
[EventCountry "CAN"]
[SourceTitle "EXT 2022"]
[Source "ChessBase"]
[SourceDate "2021.10.06"]
[SourceVersion "1"]
[SourceVersionDate "2021.10.06"]
[SourceQuality "1"]

1. e4 c5 2. Nf3 d6 3. Bb5+ Bd7 4. Bxd7+ Nxd7 5. 0-0 e5 6. c3 Ngf6 7. Re1 Be7 8. d4 Qc7 9. Na3 0-0 10. Bg5 h6 11. Bd2 Qb6 12. Nc4 Qb5 13. b3 Qc6 14. dxe5 Nxe4 15. exd6 Bxd6 16. Rxe4 Qxe4 17. Nxd6 Qc6 18. Bf4 Rad8 19. c4 Nf6 20. Qc2 Rxd6 21. Bxd6 Qxd6 22. Rd1 Qc7 23. h3 Re8 24. Qf5 Re2 25. Rd2 Rxd2 26. Nxd2 b6 27. Ne4 Nxe4 28. Qxe4 Qd6 29. Qa8+ Kh7 30. Qxa7 Qd1+ 31. Kh2 Qd6+ 32. g3 Qd2 33. Kg2 f6 34. Qxb6 Qxa2 35. Qxc5 Qxb3 36. Qf5+ g6 37. Qd7+ Kh8 38. Qe8+ Kg7 39. Qe7+ Kg8 40. Qxf6 Qxc4 41. Qxg6+ Kf8 42. Qxh6+ Kf7 43. Qf4+ Qxf4 44. gxf4 Kg6 45. Kg3 Kf5 46. h4 Kg6 47. Kg4 Kh6 48. f5 Kg7 49. Kg5 Kf7 50. h5 Kg7 51. f4 Kh7 52. f6 Kg8 53. Kg6 Kh8 54. Kf7 Kh7 55. Ke7 Kh6 56. f7 Kh7 57. h6 Kh8 58. h7 Kg7 59. f8Q+ Kg6 60. h8N+ Kh5 61. Qg7 Kh4 62. f5 Kh5 63. f6 Kh4 64. f7 Kh5 65. f8Q Kh4 66. Qf4+ Kh3 67. Qgg3# 1-0

[Event "Canadian op U1400"]
[Site "Sault Ste Marie"]
[Date "2017.07.12"]
[Round "4"]
[White "Wang, Arthur D"]
[Black "Yuan, Henry"]
[Result "0-1"]
[WhiteElo "634"]
[BlackElo "961"]
[PlyCount "74"]
[EventDate "2017.07.11"]
[EventType "swiss"]
[EventRounds "9"]
[EventCountry "CAN"]
[SourceTitle "EXT 2022"]
[Source "ChessBase"]
[SourceDate "2021.10.06"]
[SourceVersion "1"]
[SourceVersionDate "2021.10.06"]
[SourceQuality "1"]

1. d4 Nf6 2. Nf3 g6 3. e3 Bg7 4. Bd3 0-0 5. 0-0 Nc6 6. b3 d5 7. Bb2 Nb4 8. Be2 Bf5 9. c4 Nc2 10. Nbd2 Nxa1 11. Bxa1 e6 12. cxd5 exd5 13. Re1 Ne4 14. Nxe4 dxe4 15. Ne5 a6 16. d5 f6 17. Nc4 b5 18. Nd2 Qxd5 19. Nb1 Qc6 20. h3 Rad8 21. Qc1 Qb7 22. Nc3 Rd6 23. Nd1 Rfd8 24. Bb2 Rc6 25. Qb1 b4 26. g4 Be6 27. Qxe4 f5 28. gxf5 Bxf5 29. Qh4 g5 30. Qxg5 Rg6 31. Qxg6 Bxg6 32. Bxg7 Kxg7 33. Rf1 Rd2 34. Bc4 Bh5 35. f3 Bxf3 36. Nf2 Bh1 37. Nxh1 Qg2# 0-1

[Event "CAN-ch U10"]
[Site "Sault Ste Marie"]
[Date "2017.07.08"]
[Round "5"]
[White "Yuan, Henry"]
[Black "Wang, David"]
[Result "1/2-1/2"]
[WhiteElo "961"]
[BlackElo "1285"]
[PlyCount "49"]
[EventDate "2017.07.06"]
[EventType "swiss"]
[EventRounds "7"]
[EventCountry "CAN"]
[SourceTitle "EXT 2022"]
[Source "ChessBase"]
[SourceDate "2021.10.06"]
[SourceVersion "1"]
[SourceVersionDate "2021.10.06"]
[SourceQuality "1"]

1. e4 e5 2. Nf3 Nc6 3. Bc4 Bc5 4. 0-0 Nf6 5. c3 0-0 6. d4 exd4 7. cxd4 d5 8. exd5 Nxd5 9. dxc5 Nf6 10. Nc3 h6 11. Be3 Bg4 12. h3 Bh5 13. Be2 Qe7 14. Nd4 Bxe2 15. Nxc6 Qxe3 16. Nxe2 Qxc5 17. Ncd4 Rad8 18. Nb3 Rxd1 19. Nxc5 Rd2 20. Nc1 Rxb2 21. N1d3 Rb5 22. a4 Rb6 23. f4 Rd6 24. Ne5 b6 25. Nb7 1/2-1/2

[Event "CAN-ch U10"]
[Site "Sault Ste Marie"]
[Date "2017.07.07"]
[Round "3"]
[White "Yuan, Henry"]
[Black "Wang, Daniel1111"]
[Result "0-1"]
[WhiteElo "961"]
[BlackElo "1285"]
[PlyCount "90"]
[EventDate "2017.07.06"]
[EventType "swiss"]
[EventRounds "7"]
[EventCountry "CAN"]
[SourceTitle "EXT 2022"]
[Source "ChessBase"]
[SourceDate "2021.10.06"]
[SourceVersion "1"]
[SourceVersionDate "2021.10.06"]
[SourceQuality "1"]

1. e4 c5 2. Nf3 d6 3. Bb5+ Bd7 4. Bxd7+ Nxd7 5. 0-0 g6 6. c3 Ngf6 7. Re1 Bg7 8. d4 cxd4 9. cxd4 0-0 10. Nc3 Nb6 11. Bf4 Rc8 12. Qd2 Nc4 13. Qc1 Qa5 14. b3 Nb6 15. Bd2 Qa6 16. Qd1 Rc6 17. b4 Qa3 18. b5 Rxc3 19. Bxc3 Qxc3 20. Re3 Qc7 21. Rc1 Qd7 22. e5 Nfd5 23. Ra3 Qxb5 24. Rxa7 dxe5 25. Rxb7 Qa6 26. Rxb6 Nxb6 27. Qb3 Nd7 28. Rc7 Rb8 29. Qc2 Qb5 30. Rc8+ Rxc8 31. Qxc8+ Nf8 32. h3 exd4 33. a3 d3 34. Kh2 Be5+ 35. g3 Qd5 36. Nd2 Bd4 37. Kg1 Qc5 38. Ne4 Qxc8 39. Kg2 Qc6 40. f3 Qxe4 41. fxe4 d2 42. Kf3 d1Q+ 43. Kg2 Qe2+ 44. Kh1 Qf1+ 45. Kh2 Qg1# 0-1